| 000 | 01753nam a22002057a 4500 | ||
|---|---|---|---|
| 999 |
_c1951 _d1951 |
||
| 020 | _a 007322295x | ||
| 020 | _a9780073222950 | ||
| 022 | _a0072978856 | ||
| 050 |
_aHB172.5 _b.C638 |
||
| 100 | _aDavid C Colander | ||
| 245 |
_aMacroeconomics / _cDavid C Colander |
||
| 250 | _a6. ed | ||
| 260 |
_aBoston, Mass. _b[u.a.] McGraw-Hill/Irwin _c 2006 |
||
| 300 |
_aXXIV, 497, [36] S _bIll., graph. Darst _c26cm. |
||
| 500 | _aIncludes index. | ||
| 505 | _aI: Introduction: Thinking Like An Economist Chapter 1: Economics and Economic Reasoning Chapter 2: Trade, Trade-off's and Government Policy Chapter 3: The Evolving U.S. Economy in Perspective Chapter 4: Supply and Demand Chapter 5: Using Supply and Demand Chapter 6: Economic Growth, Business Cycles, Unemployment, and Inflation Chapter 7: National Income Accounting II: The Macroeconomic Framework Chapter 8: Growth, Productivity, and the Wealth of Nations Chapter 9: Aggregate Demand, Aggregate Supply, and Modern Macroeconomics Chapter 10: The Multiplier Model III: Money, Inflation, and Monetary Policy Chapter 11: Money, Banking, and the Financial Sector Chapter 12: Monetary Policy and the Debate about Macro Policy Chapter 13: Inflation and Its Relationship to Unemployment and Growth IV: Macro Policy in Perspective Chapter 14: Aggregate Demand Policy in Perspective Chapter 15: Politics, Deficits,and Debt Chapter 16: Macro Policies in Developing Countries V: International Policy Issues Chapter 17: International Trade Policy, Comparative Advantage, and Outsourcing Chapter 18: International Financial Policy Chapter 19: Macro Policy in a Global Setting Glossary Colloquial Glossary Index | ||
| 650 | _a Macroeconomics. | ||
| 650 | _aMacroeconomics | ||
| 942 | _cBK | ||